| Поле | Инд. | ПП | Название | Значение |
|---|---|---|---|---|
| Тип записи | a | |||
| Библиографический уровень | m | |||
| 001 | Контрольный номер | RU/IS/BASE/423759432 | ||
| 005 | Дата корректировки | 20140703211029.7 | ||
| 040 | a | Служба первич. каталог. | НБ ТвГУ | |
| b | Код языка каталог. | rus | ||
| e | Правила каталог. | PSBO | ||
| 041 | 0_ | a | Код языка текста | rus |
| 080 | a | Индекс УДК | 070.15(043.3) | |
| 084 | a | Индекс другой классификации/Индекс ББК | Ч600.00я031 | |
| 090 | a | Полочн. индекс | Ч600.00 | |
| x | Авторский знак | К 38 | ||
| 100 | 1_ | a | Автор | Кидакоева Зарема Шихамовна |
| q | Полное имя | Кидакоева З. Ш. | ||
| 245 | 10 | a | Заглавие | Историко-типологические особенности прессы социалистов-революционеров: региональный аспект (на материале периодики Кубанской области) |
| b | Продолж. заглавия | автореф. дис. ... к.ф.н. : 10.01.10 | ||
| c | Ответственность | ФГБОУ ВПО "Кубан. гос. ун-т", Каф. истории и прав. регулирования массовых коммуникаций | ||
| 260 | a | Место издания | Краснодар | |
| c | Дата издания | 2013 | ||
| 300 | a | Объем | 24 с. | |
| 500 | a | Примечание | На правах рукоп. | |
| 504 | a | Библиография | Библиогр. в конце кн. (16 назв.) и в подстроч. примеч. | |
| 653 | a | Ключевые слова | 20 в. | |
| a | Ключевые слова | Авторефераты | ||
| a | Ключевые слова | Журналистика | ||
| a | Ключевые слова | История журналистики | ||
| a | Ключевые слова | История русской журналистики | ||
| a | Ключевые слова | Региональная пресса | ||
| a | Ключевые слова | Русская журналистика | ||
| a | Ключевые слова | Русская пресса | ||
| 901 | t | Тип документа | m | |
| 920 | a | Оператор | Семен | |
| a | Оператор | Рунт | ||
| a | Оператор | Густ | ||
| a | Оператор | Стро | ||
| 930 | a | Новая/Ретро | авторефераты | |
| 952 | c | Вид литературы | А/Р н | |
| 954 | a | Дата поступления на обработку | 20130823 | |
| c | Дата окончания ОНО | 20130919 | ||
| b | Дата поступления в ОК | 20130606 |